000 00433nam a22001577a 4500
005 20260428142744.0
008 260428b |||||||| |||| 00| 0 eng d
020 _a9789780695996
050 _aPR9387.9
_b.I44
100 _aIke, Chukwuemeka
245 _aThe Potter's wheel
260 _aIbadan
_bUniversity Press Plc
_c1993
300 _avi, 265p.
650 _aEnglish- Literature
_vNigeria-English-Literature- Fiction
942 _cBK
999 _c4727
_d4727